Best and Worst Countries to Live In - Statistics

General Stats
  • This quiz has been taken 1,219 times
  • The average score is 12 of 20
Answer Stats
Rank Country % Correct
8 United States
92%
9 Canada
86%
1 Norway
84%
6 Germany
76%
2 Australia
74%
4 Denmark
73%
3 Switzerland
72%
10 New Zealand
67%
5 Netherlands
63%
1 Niger
62%
7 Ireland
57%
4 Chad
55%
10 Mali
51%
2 Central African Republic
48%
5 Burundi
37%
3 Eritrea
37%
6 Burkina Faso
34%
7 Guinea
34%
8 Sierra Leone
33%
9 Mozambique
28%
No matching quizzes found
Score Distribution
Percent of People with Each Score
Percentile by Number Answered
Your Score History
You have not taken this quiz